Skład reprezentacji Portugalii! - Statystyki

Ogólne statystyki
  • Ten quiz został rozwiązany 112 razy
  • Średni wynik to 8 z 23
Statystyki odpowiedzi
Pozycja Zawodnik % Poprawnych
Napastnik Ronaldo
97%
Bramkarz Silva
68%
Pomocnik Silva
68%
Bramkarz Patricio
64%
Pomocnik Fernandes
56%
Napastnik Felix
53%
Obrońca Cancelo
50%
Obrońca Dias
43%
Pomocnik Moutinho
32%
Obrońca Semedo
30%
Obrońca Semedo
30%
Pomocnik Pereira
28%
Bramkarz Lopes
27%
Pomocnik Neves
27%
Napastnik Jota
26%
Pomocnik Carvalho
23%
Obrońca Fonte
22%
Napastnik Neto
21%
Obrońca Rui
21%
Napastnik Trincao
9%
Pomocnik Oliveira
6%
Napastnik Paulinho
4%
Obrońca Duarte
3%
Nie znaleziono quizów pasujących do podanych kryteriów
Rozkład punktacji
Procent ludzi z każdym wynikiem
Percentyl według liczby udzielonych odpowiedzi
Twoja historia wyników
Nie rozwiązałeś tego quizu